Constitución política de la República del Ecuador dictada por la Asamblea Nacional Constituyente de 1928-29. (Record no. 47043)

MARC details
000 -LEADER
campo de control de longitud fija 00500nam a2200157 i 4500
001 - NÚMERO DE CONTROL
campo de control 47043
003 - IDENTIFICADOR DE NÚMERO DE CONTROL
campo de control ES-MaACL
007 - CAMPO FIJO DE DESCRIPCIÓN FÍSICA--INFORMACIÓN GENERAL
campo de control de longitud fija t|
008 - DATOS DE LONGITUD FIJA--INFORMACIÓN GENERAL
campo de control de longitud fija 030403s1929 ec ||||1| spa d
110 2# - ENTRADA PRINCIPAL--NOMBRE DE ENTIDAD CORPORATIVA
Nombre de entidad corporativa o nombre de jurisdicción como elemento de entrada Ecuador.
9 (RLIN) 3419
240 10 - TÍTULO UNIFORME
Título uniforme Constitución.
Fecha de publicación/de la obra 1928
245 10 - MENCIÓN DEL TÍTULO
Título Constitución política de la República del Ecuador dictada por la Asamblea Nacional Constituyente de 1928-29.
260 ## - PUBLICACIÓN, DISTRIBUCIÓN, ETC.
Lugar de publicación, distribución, etc. Quito :
Nombre del editor, distribuidor, etc. [s.n.,
Fecha de publicación, distribución, etc. 1929] (
Fabricante Talleres Gráficos Nacionales)
300 ## - DESCRIPCIÓN FÍSICA
Extensión 89 p. ;
Dimensiones 17 cm.
852 ## - LOCALIZACIÓN
Ubicación ES-MaACL
Número de control de estantería B-3786
Holdings
Estatus retirado Estado de pérdida Estado de daño No para préstamo Biblioteca de origen Biblioteca actual Ubicación en estantería Fecha de adquisición Fuente de adquisición Total de préstamos Signatura topográfica completa Código de barras Visto por última vez Precio de reemplazo Tipo de ítem Koha
        Biblioteca del Ateneo de Madrid Biblioteca del Ateneo de Madrid Sala Pardo Bazán 17/01/2008     B-3786 1049479 23/02/2023 23/02/2023 Libro impreso